Southville International School and Colleges
Your cart is empty.
  • Cart
  • Lists
    Public lists list_1 View all
    Your lists Log in to create your own lists
  • Log in to your account
  • Your cookies
  • Search history
Southville International School and Colleges
  • Advanced search
  • Recent comments
  • Most popular
  • Libraries

Log in to your account

Log in with GOOGLE


If you do not have an external account, but do have a local account, you can still log in:

  1. Home
  2. MARC view: Nuclear medicine and PET/CT :
Normal view MARC view ISBD view

Nuclear medicine and PET/CT : (Record no. 358508)

[ view plain ]
MARC details
000 -LEADER
fixed length control field 00590nam a2200193Ia 4500
003 - CONTROL NUMBER IDENTIFIER
control field SISC
005 - DATE AND TIME OF LATEST TRANSACTION
control field 20181010155440.0
008 - FIXED-LENGTH DATA ELEMENTS--GENERAL INFORMATION
fixed length control field 180901s9999 xx 000 0 und d
020 ## - INTERNATIONAL STANDARD BOOK NUMBER
International Standard Book Number 9780323356220
050 ## - LIBRARY OF CONGRESS CALL NUMBER
Classification number R 895
Item number .W33 2017
100 ## - MAIN ENTRY--PERSONAL NAME
Personal name Waterstram-Rich,Kristen M.
245 ## - TITLE STATEMENT
Statement of responsibility, etc Kristen M. Waterstram-Rich, David Gilmore.--
Title Nuclear medicine and PET/CT :
Remainder of title technology and techniques /
250 ## - EDITION STATEMENT
Edition statement 8th ed
260 ## - PUBLICATION, DISTRIBUTION, ETC. (IMPRINT)
Place of publication, distribution, etc USA :
Name of publisher, distributor, etc Elsevier
Date of publication, distribution, etc 2017
300 ## - PHYSICAL DESCRIPTION
Extent xiv, 682 pages :
Other physical details illustrations.
650 ## - SUBJECT ADDED ENTRY--TOPICAL TERM
Topical term or geographic name as entry element Nuclear medicine.
650 ## - SUBJECT ADDED ENTRY--TOPICAL TERM
Topical term or geographic name as entry element Tomography, Emission.
942 ## - ADDED ENTRY ELEMENTS (KOHA)
Source of classification or shelving scheme Library of Congress Classification
Koha item type Books
Holdings
Withdrawn status Lost status Source of classification or shelving scheme Damaged status Home library Current library Shelving location Date acquired Source of acquisition Total Checkouts Full call number Barcode Date last seen Price effective from Koha item type
    Library of Congress Classification   South SEED-LPDH College Library South SEED-LPDH College -Study Center   09/01/2018 Library Fund   R 895 .W33 2017 SSLC1761 09/01/2018 09/01/2018 Books

Nuclear medicine and PET/CT :

APA

Waterstram-Rich K. M., . (2017). Nuclear medicine and PET/CT. USA: Elsevier.

Chicago

Waterstram-Rich Kristen M, . 2017. Nuclear medicine and PET/CT. USA: Elsevier.

Harvard

Waterstram-Rich K. M., . (2017). Nuclear medicine and PET/CT. USA: Elsevier.

MLA

Waterstram-Rich Kristen M, . Nuclear medicine and PET/CT. USA: Elsevier. 2017.

  • Place hold
  • Print
  • Cite
  • Add to your cart (remove)
  • Save record
    BIBTEX Dublin Core MARCXML MARC (non-Unicode/MARC-8) MARC (Unicode/UTF-8) MARC (Unicode/UTF-8, Standard) MODS (XML) RIS
  • More searches
    Search for this title in:
    Other Libraries (WorldCat) Other Databases (Google Scholar) Online Stores (Bookfinder.com) Open Library (openlibrary.org)

Exporting to Dublin Core...

SOUTHVILLE LIBRARY

Southville International School and Colleges Library

1281 Tropical Ave. Cor. Luxembourg St., BF Homes International, Las Pinas City

Tel. No. 8256374 / 252358 Loc. 117/146

Powered by Koha